000 00407nam a2200133Ia 4500
008 100328s9999 xx 000 0 und d
082 _b9016
100 _aधोंड मधुकर वासुदेव
245 _aमऱ्हाटी लावणी
260 _bमौज
630 _aमऱ्हाटी लावणी
730 _aमऱ्हाटी लावणी
942 _cBOOK
999 _c504744
_d504741